• 首页
  • 本馆介绍
  • 公告通知
  • 最新文献
  • 馆藏检索
  • 电子资源
  • 读者导购
  • 参考咨询
  • 我的图书馆
  • 登录
  • 详细信息显示
  • 放入我的书架
  • 预约/预借图书
  • 作者相关作品
  • 分类相关作品
  • 丛书相关作品
  • 出版社相关作品

书目信息

  • 表格格式
  • 工作单格式
  • 卡片格式
题名:
钢质内河船舶建造规范
    
 
作者: ;中国船级社 编
分册: 2016   第1分册
出版信息: 北京   人民交通出版社股份有限公司  2016.6
页数: 1册
开本: 29cm
丛书名:
单 册:
中图分类: U674.9
科图分类:
主题词: 内河船--钢船--造船--规范--中国--2016
电子资源:
ISBN: 978-7-114-13117-2
000 00921nam0 2200229 450
001 0400005364
005 20171113091728.73
010    @a978-7-114-13117-2@dCNY100.00
100    @a20170215d2016 em y0chiy50 ea
101 0  @achi
102    @aCN@b110000
105    @ay z 000yy
106    @ar
200 1  @a钢质内河船舶建造规范@Agang zhi nei he chuan bo jian zao gui fan@h2016@i第1分册@f中国船级社 [编]
210    @a北京@c人民交通出版社股份有限公司@d2016.6
215    @a1册@d29cm
330    @a本书内容包括船体和材料与焊接两篇,船体篇包括船体结构、舾装、客船船体结构补充规定、拖、推船船体结构补充规定、油船船体结构补充规定、甲板船船体结构补充规定等14章;材料与焊接篇包括材料、船体材料的焊接、重要机件的焊接等4章。
606 0  @a内河船@x钢船@x造船@x规范@y中国@z2016
690    @aU674.9@v5
711 02 @a中国船级社@Azhong guo chuan ji she@4编
801  0 @aCN@b上海新华@c20171028
905    @b1028306-10@dU674.9@e664:1@f5
    
    钢质内河船舶建造规范.2016.第1分册/中国船级社 [编].-北京:人民交通出版社股份有限公司,2016.6
    1册;29cm
    
    
    ISBN 978-7-114-13117-2:CNY100.00
    本书内容包括船体和材料与焊接两篇,船体篇包括船体结构、舾装、客船船体结构补充规定、拖、推船船体结构补充规定、油船船体结构补充规定、甲板船船体结构补充规定等14章;材料与焊接篇包括材料、船体材料的焊接、重要机件的焊接等4章。
●
相关链接 在E读中查询图书 在五车中查询图书 在当当中查询图书 在豆瓣中查询图书


正题名:钢质内河船舶建造规范     索取号:U674.9/664:1         预约/预借

序号 登录号 条形码 馆藏地/架位号 状态 备注
1 1028306   210283067   第二样本阅览室/ [索取号:U674.9/664:1] 在馆    
2 1028307   210283076   密集书库-物理学院/ [索取号:U674.9/664:1] 在馆    
3 1028308   210283085   第三借阅区/ [索取号:U674.9/664:1] 在馆    
4 1028309   210283094   第三借阅区/ [索取号:U674.9/664:1] 在馆    
5 1028310   210283101   第三借阅区/ [索取号:U674.9/664:1] 在馆    
唐山师范学院图书馆 欢迎您!
大连网信软件有限公司© 版权所有